Countries by 'Z' Position Quiz Stats

 Plays Quiz not verified by Sporcle

Challenge
Share
Tweet
Embed
Score 0/7 Timer 01:30
0 Plays Today
'Z' Pattern Sample Country % Correct
Z *Zambia
99.5%
_ Z *Uzbekistan
95.1%
_ _ _ Z *Brazil
88.6%
_ _ Z *Kazakhstan
87.5%
_ _ _ _ _ Z *Kyrgyzstan
76.1%
_ _ _ _ Z *Switzerland
72.8%
_ _ _ _ _ _ _ _ _ _ _ _ Z *Bosnia and Herzegovina
56%

You're not logged in!

Compare scores with friends on all Sporcle quizzes.
Join for Free
OR
Log In

You Might Also Like...

Show Comments

Extras

Created Aug 27, 2016ReportNominate
Tags:Country Quiz, Letter Quiz

Top Quizzes Today


Score Distribution

Your Account Isn't Verified!

In order to create a playlist on Sporcle, you need to verify the email address you used during registration. Go to your Sporcle Settings to finish the process.

Report this User

Report this user for behavior that violates our Community Guidelines.

Details: